01311nam a2200337 a 4500001001200000003000800012006001900020007001500039008004100054010001700095020001800112020002700130040002100157035002100178043002100199050002300220082002300243245009000266260003600356300004700392490003300439504005100472533015200523650003300675650003500708655002900743700002400772710001700796830003400813856012600847ebr10468298CaPaEBRm u cr cn|||||||||100914s2011 nyuabd sb 001 0 eng d z 2010037549 z9783110229707 z9783110229714 (e-book) aCaPaEBRcCaPaEBR a(OCoLC)732957439 ar------at------14aQK579b.B56 2011eb04a579.8/1776091122200aBiology of polar benthic algaeh[electronic resource] /cedited by Christian Wiencke. aNew York :bDe Gruyter,cc2011. axiv, 337 p. :bill. (some col.), col. map.1 aMarine and freshwater botany aIncludes bibliographical references and index. aElectronic reproduction.bPalo Alto, Calif. :cebrary,d2013.nAvailable via World Wide Web.nAccess may be limited to ebrary affiliated libraries. 0aMarine algaezPolar Regions. 0aBenthic plantszPolar Regions. 7aElectronic books.2local1 aWiencke, Christian.2 aebrary, Inc. 0aMarine and freshwater botany.40uhttp://site.ebrary.com/lib/rucke/Doc?id=10468298zAn electronic book accessible through the World Wide Web; click to view